000 01219nas a2200337 i 4500
001 1791
003 ES-MaACL
005 20251108164633.0
008 950801d19181936sp qryp 0 |spa d
022 _a1132-2578
080 _a460
080 _a3
080 _a34
245 0 0 _aRevista de ciencias jurídicas y sociales /
_córgano de la Facultad de Derecho y del Museo-Laboratorio Jurídico de la Universidad de Madrid.
246 3 _aRevista de ciencias jurídicas y sociales (Madrid)
260 _aMadrid :
_bFacultad de Derecho,
_c1918-1936 (
_fFortanet)
300 _a19 v. ;
_c25 cm.
310 _aTrimestral
362 0 _aAño 1, n. 1 (en./marzo 1918)-año 19, n.74 (en./feb. 1936)
530 _aDisponible en formato digital.
650 7 _aCiencias sociales
_2embne
_910988
650 7 _aDerecho
_2embne
_911602
700 1 _aUreña y Smenjaud, Rafael de,
_d1852-1930
_9112127
700 1 _aAltamira, Rafael,
_d1866-1951
_920515
700 1 _aPosada, Adolfo,
_d1860-1944
_993316
852 4 _aES-MaACL
_jHem-1024
856 _uhttps://dialnet.unirioja.es/servlet/revista?codigo=17345
_ySumarios de la revista en Dialnet
866 0 _o1918-36
942 _2udc
999 _c1791
_d1791